Ends in 'A' on a Map: Europe Quiz Stats

 Plays Quiz Updated Mar 17, 2020

Support Sporcle.
Go Orange.
Score 0/18 Timer 03:00
12 Plays Today
% Correct
Russia
92.8%
Austria
88.8%
Andorra
88.3%
Estonia
88.2%
Latvia
88.1%
Lithuania
86.8%
Malta
86.1%
Romania
85.5%
Croatia
84.7%
% Correct
Slovakia
83.7%
Bulgaria
82.2%
Slovenia
80.7%
Albania
80.7%
Serbia
79.8%
North Macedonia
79%
Czechia
77.6%
Moldova
77.2%
Bosnia and Herzegovina
77%

From the Vault

'X', 'Y' & 'Z' Boy Names by Decade

by triplet_3

Most of us see these letters as extra Scrabble points.
Remove Ads.
Support Sporcle.
Get the best of Sporcle when you Go Orange. This ad-free experience offers more features, more stats, and more fun while also helping to support Sporcle. Thank you for becoming a member.

Show Comments

Extras

Top Quizzes Today


Score Distribution

Your Account Isn't Verified!

In order to create a playlist on Sporcle, you need to verify the email address you used during registration. Go to your Sporcle Settings to finish the process.

Report this User

Report this user for behavior that violates our Community Guidelines.

Details: